| 000 | 00806nam a2200253Ia 4500 | ||
|---|---|---|---|
| 003 | OSt | ||
| 005 | 20220923211102.0 | ||
| 006 | a|||||r|||| 00| 0 | ||
| 007 | ta | ||
| 008 | Pun | ||
| 020 |
_a8179140563 (hbk) _c100 |
||
| 024 | _a290,596 | ||
| 037 |
_b969, 16/12/2015, H.K. Prakashan _cTextual |
||
| 040 |
_aARTS _cARTS _bPun |
||
| 041 |
_2Pun _aPun |
||
| 082 | _aO153,1NARx, P3 | ||
| 100 |
_aਸਿੰਘ, ਗੁਰਦਿਆਲ _9158029 |
||
| 245 | 0 | _aਰੰਗੀ ਰੰਗੀ | |
| 260 |
_aਚੰਡੀਗੜ _b ਤਰਲੋਚਨ ਪਬਲੀਕੇFਨਗ਼ _c2003 |
||
| 300 |
_a104ਪੰ _ccm. |
||
| 650 | _aਪੰਜਾਬੀ ਸਾਹਿਤ | ||
| 942 |
_hO153,1NARx, P3 _cTEXL _2CC |
||
| 999 |
_c295031 _d295031 |
||